000 00787cab a2200241 4500
001 ABS46809
008 090401t1992 xxu||||| |||| 00| 0 eng d
035 _a(Sirsi) u59542
041 _aeng
100 _aPryce, G.
245 4 _aThe case for the urban fringe
260 _c1992
350 _a0
490 _aThe Planner
_v78(13) 3 July 1992, 8-10(3)
520 _aExamines the importance of the urban fringe in planning policy in the light of the first formal recognition in the White Paper "This Common Inheritance" . Includes case studies. References.
650 _aGREEN BELT
650 _aPLANNING POLICY GUIDANCE NOTE 7
650 _aPPG7
650 _aURBAN FRINGE SPECIAL POLICY AREAS
690 _aPLANNING LAW AND PRACTICE
942 _n0
948 _c04/03/1997
999 _c36539
_d36539